000 00606nam a2200229Ia 4500
003 OSt
005 20221007063341.0
006 a|||||r|||| 00| 0
007 ta
008 221006b |||||||| |||| 00| 0 eng d
024 _a12,028
037 _cTextual
040 _aFLL
_cFLL
_beng
041 _2eng
_aeng
082 _aV2:2:9Z, L0
100 _aRao K.Subba Au.
_9684078
245 0 _aSome constitutional problems
260 _aBombay
_bUniversity of Bombay India
_c1970
300 _a318p
_ccm.
942 _hV2:2:9Z, L0
_cTEXL
_2CC
999 _c1131030
_d1131030